000 00984nam a2200289 a 4500
001 3985
003 BD-RjUL
005 20211208233820.0
008 131221s1983 ii b 001 0 eng d
035 _a(BD-RjUL)4019
040 _aDLC
_cDLC
_dm/c
_dUKM
_dBD-RjUL
_beng
041 _aeng
082 0 0 _a954.035
_219
_bDHP 1983
100 1 _aDhanagre, D. N.,
_d1936-
_912688
245 1 0 _aPeasant movements in India, 1920-1950 /
_cD.N. Dhanagare.
260 _aDelhi :
_bOxford University Press,
_c1983.
300 _axiii, 254 p. :
_btables, maps ;
_c22 cm.
500 _aRevision of the author's thesis (D. Phil.--University of Sussex, 1973).
504 _aBibliography: p. [230]-250.
504 _aIncludes index.
650 0 _aPeasant uprisings
_zIndia.
_912689
650 0 _aLand reform
_zIndia.
_911061
651 0 _aIndia
_xPolitics and government
_y1919-1947.
_912690
651 0 _aIndia
_xPolitics and government
_y1947-
_912691
942 _2ddc
_cBK
999 _c3985
_d3985